Sports Quiz

Random Sports or Play Quiz

CBB Conferences in Illinois Quiz Stats

 Plays Quiz not verified by Sporcle

Also try: NFL Alma Maters
Challenge
Share
Tweet
Embed
Score 0/8 Timer 01:00
0 Plays Today
% Correct
Big Ten
100%
Missouri Valley
83.2%
MAC
77%
Big East
70.8%
Ohio Valley
69%
Horizon
66.4%
Summit
53.1%
Great West
32.7%

You're not logged in!

Compare scores with friends on all Sporcle quizzes.
OR
Log In

You Might Also Like...

Show Comments

Extras

Top Quizzes Today


Score Distribution

Your Account Isn't Verified!

In order to create a playlist on Sporcle, you need to verify the email address you used during registration. Go to your Sporcle Settings to finish the process.

Report this User

Report this user for behavior that violates our Community Guidelines.

Details: